| 000 | 00909cam a22002054a 4500 | ||
|---|---|---|---|
| 005 | 20250605164019.0 | ||
| 008 | 250528s ||||||||||||||||||||||||d | ||
| 035 | _a16253 | ||
| 020 | _a750643870 | ||
| 040 |
_aGR-AtMCL _bgre _dGR-AtMCL _eAACR2 |
||
| 245 | 1 | _aElectronic Materials / Inside Electronic Devises | |
| 260 |
_bButterworth Heinemann, _c1998 |
||
| 300 | _a432 | ||
| 520 | _aThe book explains the scientific models needed to guide those manipulations and describes how they are commercially exploited inside electronic devices. Goals and Gambits, Materials and Circuits, Something about Magnets, Transducers, Memory Microtechnology, Displays, Warm Superconductor - So What?, Optoelectronics, In Perspective, Acknowledgements, Index of Materials, Subject Index. | ||
| 700 | 1 |
_aBraithwaite Nicholas _92336 |
|
| 700 | 1 |
_aWeaver Graham _92337 |
|
| 942 | _cBK | ||
| 999 |
_c1771 _d1771 |
||